Richest Athletes in the World 2019 - Statistics

General Stats
  • This quiz has been taken 88 times
  • The average score is 12 of 30
Answer Stats
Rank Sport Endorsements Salary/Winnings Total Earnings Answer % Correct
2 Football $44M $65M $109M Cristiano Ronaldo
93%
1 Football $35M $92M $127M Lionel Messi
93%
8 Basketball $53M $36M $89M LeBron James
88%
11 Golf $54M $9.9M $63.9M Tiger Woods
81%
3 Football $30M $75M $105M Neymar
78%
5 Tennis $86M $7.4M $93.4M Roger Federer
74%
9 Basketball $42M $37.8M $79.8M Stephen Curry
74%
10 Basketball $35M $30.4M $65.4M Kevin Durant
63%
21 MMA $15M $32M $47M Conor McGregor
58%
13 Motor Racing $10M $45M $55M Lewis Hamilton
56%
17 Tennis $30M $20.6M $50.6M Novak Djovokic
53%
20 Basketball $17M $30.7M $47.7M James Harden
41%
7 American Football $9M $80.3M $89.3M Aaron Rodgers
35%
16 Basketball $18M $35.7M $53.7M Russell Westbrook
35%
26 Basketball $19M $24.2M $43.2M Giannis Antetokounmpo
33%
25 Basketball $23M $20.3M $43.3M Kyrie Irving
33%
30 Motor Racing $300k $40M $40.3M Sebastian Vettel
31%
13 Boxing $10M $45M $55M Anthony Joshua
30%
29 Basketball $13M $28.1M $41.1M Damian Lillard
21%
4 Boxing $2M $92M $94M Canelo Alvarez
20%
6 American Football $9M $80.5M $89.5M Russell Wilson
19%
24 Basketball $8M $35.8M $43.8M Chris Paul
16%
17 Baseball $3M $47.6M $50.6M Mike Trout
16%
19 Golf $36M $12.4M $48.4M Phil Mickelson
16%
27 American Football $16M $26.4M $42.4M Drew Brees
14%
12 American Football $1M $54.5M $55.5M Ben Roethlisberger
13%
28 American Football $500k $40.9M $41.4M Aaron Donald
10%
13 American Football $1M $54M $55M Khalil Mack
5%
23 Baseball $6.5M $38M $44.5M Bryce Harper
4%
22 American Football $150k $46.8M $46.95M DeMarcus Lawrence
4%
No matching quizzes found
Score Distribution
Percent of People with Each Score
Percentile by Number Answered
Your Score History
You have not taken this quiz